| 000 | 00357 a2200157 4500 | ||
|---|---|---|---|
| 001 | 50405 | ||
| 020 | _a | ||
| 040 | _cAnchieta - Bela Vista | ||
| 100 | _aGuedes, Inês Isabel Stanisiere dos Santos | ||
| 240 | 1 | 0 |
_aÁguas da vida _lpor |
| 245 | 1 | 0 | _aÁguas da vida |
| 300 | _a33 | ||
| 362 | 0 | _a2005 | |
| 650 | 4 | _aLiteratura infanto-juvenil | |
| 942 | _cBK | ||
| 999 |
_c50405 _d50405 |
||